[Event "Landesliga Sued 1112"]
[Site "Bayern"]
[Date "2012.03.18"]
[Round "8.1"]
[White "Schwetje, Juergen"]
[Black "Schmidt, Georg"]
[Result "1/2-1/2"]
[WhiteElo "2255"]
[BlackElo "2296"]
[PlyCount "55"]
[EventDate "2011.10.02"]
[EventType "team-tourn"]
[EventRounds "9"]
[EventCountry "GER"]
[SourceTitle "EXT 2015"]
[Source "ChessBase"]
[SourceDate "2014.11.20"]
[SourceVersion "1"]
[SourceVersionDate "2014.11.20"]
[SourceQuality "1"]
[WhiteTeam "Landshut"]
[BlackTeam "Unterhaching"]
[WhiteTeamCountry "GER"]
[BlackTeamCountry "GER"]

1. e4 e6 2. d3 c5 3. g3 Nc6 4. Bg2 d5 5. Nd2 g6 6. Ne2 Bg7 7. 0-0 Nge7 8. c3 b6 9. Qa4 Rb8 10. exd5 exd5 11. Re1 0-0 12. Nf3 b5 13. Qh4 f6 14. g4 g5 15. Qg3 Qd7 16. h3 b4 17. Be3 bxc3 18. bxc3 Rb5 19. c4 Ra5 20. Rab1 h6 21. Rb5 Rxa2 22. Nc3 Rc2 23. Nxd5 Nxd5 24. cxd5 Nd4 25. Rxc5 Rxc5 26. Nxd4 Rxd5 27. Bxd5+ Qxd5 28. Qg2 1/2-1/2

[Event "Landesliga Sued 1112"]
[Site "Bayern"]
[Date "2011.10.23"]
[Round "2.1"]
[White "Schwetje, Juergen"]
[Black "Eitel, Harald"]
[Result "1-0"]
[WhiteElo "2255"]
[BlackElo "2214"]
[PlyCount "119"]
[EventDate "2011.10.02"]
[EventType "team-tourn"]
[EventRounds "9"]
[EventCountry "GER"]
[SourceTitle "EXT 2013"]
[Source "ChessBase"]
[SourceDate "2012.11.22"]
[SourceVersion "1"]
[SourceVersionDate "2012.11.22"]
[SourceQuality "1"]
[WhiteTeam "Landshut"]
[BlackTeam "Ingolstadt"]
[WhiteTeamCountry "GER"]
[BlackTeamCountry "GER"]

1. e4 e5 2. Nf3 d6 3. d4 exd4 4. Nxd4 Nf6 5. Nc3 Be7 6. g3 d5 7. e5 Ng4 8. f4 c5 9. Nde2 d4 10. Ne4 Bf5 11. Bg2 Nc6 12. 0-0 Qb6 13. h3 Ne3 14. Bxe3 dxe3 15. Qd3 Rd8 16. Qxe3 0-0 17. g4 Bc8 18. b3 Nb4 19. Rfc1 f5 20. exf6 Nd5 21. Qf2 Nxf6 22. Rd1 Nxe4 23. Bxe4 Qh6 24. Kg2 Kh8 25. Rd5 Rxd5 26. Bxd5 Bd6 27. Rf1 Qf6 28. c3 b6 29. Qe3 Bd7 30. Rf2 Bc7 31. c4 Re8 32. Qd3 Rd8 33. Qf3 Rf8 34. Be4 Qd6 35. h4 Re8 36. Ng3 Qd4 37. g5 Rf8 38. Ne2 Qd6 39. Qh5 Bf5 40. Bxf5 Rxf5 41. Qe8+ Rf8 42. Qe4 Qd7 43. f5 Re8 44. Qf3 Be5 45. Ng3 Qd4 46. Ne4 Qa1 47. Qh5 Rf8 48. f6 g6 49. Qe2 Qd4 50. Rf1 Bc7 51. h5 Qe5 52. Rh1 gxh5 53. Rxh5 Qe8 54. Qf3 Be5 55. Rh6 Qd7 56. Kh1 Rd8 57. g6 Qd1+ 58. Qxd1 Rxd1+ 59. Kg2 Rd7 60. f7 1-0

[Event "Regionalliga SO 1011"]
[Site "Bayern"]
[Date "2010.12.12"]
[Round "4.1"]
[White "Stroeher, Wolfgang"]
[Black "Schwetje, Juergen"]
[Result "0-1"]
[WhiteElo "1976"]
[BlackElo "2249"]
[PlyCount "62"]
[EventDate "2010.10.10"]
[EventType "team-tourn"]
[EventRounds "9"]
[EventCountry "GER"]
[SourceTitle "EXT 2012"]
[Source "ChessBase"]
[SourceDate "2011.11.24"]
[SourceVersion "1"]
[SourceVersionDate "2011.11.24"]
[SourceQuality "1"]
[WhiteTeam "Straubing"]
[BlackTeam "Landshut"]
[WhiteTeamCountry "GER"]
[BlackTeamCountry "GER"]

1. d4 f5 2. Nc3 g6 3. h4 Nf6 4. h5 Bg7 5. hxg6 hxg6 6. Rxh8+ Bxh8 7. Bg5 d5 8. Qd3 Nc6 9. f3 Qd6 10. 0-0-0 Be6 11. Nh3 0-0-0 12. Bf4 Qd7 13. Ng5 Bg8 14. e3 Nh5 15. Bh2 e5 16. g4 exd4 17. exd4 Qe7 18. Nh3 fxg4 19. fxg4 Nf6 20. Nf4 Ne4 21. Nxe4 dxe4 22. Qg3 Bxd4 23. g5 Bxb2+ 24. Kxb2 Qe5+ 25. c3 Rxd1 26. Qg4+ Rd7 27. Bh3 Qb5+ 28. Ka1 Ne5 29. Qd1 Qc4 30. Qd2 Be6 31. Bxe6 Qf1+ 0-1

[Event "Alfeld Bezirk 3-ch"]
[Site "Alfeld"]
[Date "2005.10.03"]
[Round "5"]
[White "Helmke, Carsten"]
[Black "Schwetje, Juergen"]
[Result "0-1"]
[WhiteElo "1926"]
[BlackElo "1825"]
[PlyCount "78"]
[EventDate "2005.10.01"]
[EventType "swiss"]
[EventRounds "5"]
[EventCountry "GER"]
[SourceTitle "EXT 2007"]
[Source "ChessBase"]
[SourceDate "2006.11.23"]
[SourceVersion "1"]
[SourceVersionDate "2006.11.23"]
[SourceQuality "1"]

1. d4 f5 2. Nf3 Nf6 3. c4 g6 4. g3 Bg7 5. Bg2 0-0 6. 0-0 d6 7. Nc3 Nc6 8. d5 Ne5 9. Nxe5 dxe5 10. e4 f4 11. f3 g5 12. Rb1 h5 13. b4 Nh7 14. Ne2 Rf6 15. Bb2 Rg6 16. Qb3 Qf8 17. Rf2 Bf6 18. Rbf1 Qg7 19. Kh1 Bd7 20. c5 Kh8 21. b5 Rg8 22. c6 bxc6 23. bxc6 Bc8 24. Qb8 g4 25. Qxc7 h4 26. fxg4 Bxg4 27. Nxf4 exf4 28. Bxf6 Nxf6 29. Qxf4 Nh5 30. Qe3 hxg3 31. Rf7 Qh6 32. Qxh6+ Rxh6 33. h3 Nf6 34. Kg1 Bxh3 35. Bxh3 Rxh3 36. R1xf6 exf6 37. c7 g2 38. c8Q Rh1+ 39. Kf2 g1Q+ 0-1

[Event "Alfeld Bezirk 3-ch"]
[Site "Alfeld"]
[Date "2005.10.02"]
[Round "3"]
[White "Kobs, Stephan"]
[Black "Schwetje, Juergen"]
[Result "0-1"]
[WhiteElo "1972"]
[BlackElo "2137"]
[PlyCount "58"]
[EventDate "2005.10.01"]
[EventType "swiss"]
[EventRounds "5"]
[EventCountry "GER"]
[SourceTitle "EXT 2007"]
[Source "ChessBase"]
[SourceDate "2006.11.23"]
[SourceVersion "1"]
[SourceVersionDate "2006.11.23"]
[SourceQuality "1"]

1. e4 c5 2. Nf3 e6 3. d3 Nc6 4. g3 g6 5. Bg2 Bg7 6. Nbd2 Nge7 7. 0-0 0-0 8. Re1 d6 9. c3 e5 10. a4 h6 11. Nc4 Be6 12. Ne3 f5 13. exf5 gxf5 14. Nh4 Qe8 15. f4 Bf6 16. fxe5 dxe5 17. Nexf5 Nxf5 18. Nxf5 Bxf5 19. Bxh6 Rf7 20. Bd5 Be6 21. Be4 Ne7 22. Qd2 Qd7 23. Rf1 Nf5 24. Bxf5 Bxf5 25. g4 Bxd3 26. Rf3 e4 27. Rxf6 Rxf6 28. Qg5+ Kf7 29. Qg7+ Ke6 0-1

[Event "Alfeld Bezirk 3-ch"]
[Site "Alfeld"]
[Date "2005.10.01"]
[Round "1"]
[White "Backert, Gerhard"]
[Black "Schwetje, Juergen"]
[Result "0-1"]
[WhiteElo "1769"]
[BlackElo "2137"]
[PlyCount "46"]
[EventDate "2005.10.01"]
[EventType "swiss"]
[EventRounds "5"]
[EventCountry "GER"]
[SourceTitle "EXT 2007"]
[Source "ChessBase"]
[SourceDate "2006.11.23"]
[SourceVersion "1"]
[SourceVersionDate "2006.11.23"]
[SourceQuality "1"]

1. f4 c5 2. Nf3 Nc6 3. b3 Nf6 4. Bb2 e6 5. e3 Be7 6. Be2 0-0 7. 0-0 b6 8. Ne5 Bb7 9. Nc3 d5 10. Nxc6 Bxc6 11. d4 a6 12. Bf3 Qc7 13. Ne2 Rac8 14. c4 Rfd8 15. Qc2 dxc4 16. Qxc4 Qb7 17. Rad1 Bxf3 18. gxf3 cxd4 19. Qa4 dxe3 20. Rxd8+ Rxd8 21. Bd4 Nd5 22. Kg2 Rc8 23. Kg3 b5 0-1

[Event "Alfeld Bezirk 3-ch"]
[Site "Alfeld"]
[Date "2005.10.01"]
[Round "2"]
[White "Schwetje, Juergen"]
[Black "Doerge, Sven"]
[Result "1-0"]
[WhiteElo "2137"]
[BlackElo "1869"]
[PlyCount "69"]
[EventDate "2005.10.01"]
[EventType "swiss"]
[EventRounds "5"]
[EventCountry "GER"]
[SourceTitle "EXT 2007"]
[Source "ChessBase"]
[SourceDate "2006.11.23"]
[SourceVersion "1"]
[SourceVersionDate "2006.11.23"]
[SourceQuality "1"]

1. Nf3 d5 2. g3 f5 3. Bg2 Nf6 4. 0-0 Nbd7 5. d4 e6 6. b3 Bd6 7. Bb2 Ne4 8. c4 c6 9. Nc3 Ndf6 10. e3 g5 11. Nd2 Nxc3 12. Bxc3 h5 13. f3 g4 14. f4 h4 15. Re1 Qe7 16. Kf2 Nh5 17. Rh1 Bd7 18. Qc2 0-0-0 19. a4 Rde8 20. a5 Qd8 21. a6 b6 22. c5 Be7 23. cxb6 Qxb6 24. Bf1 Nxg3 25. hxg3 hxg3+ 26. Kg1 Rxh1+ 27. Kxh1 Rh8+ 28. Kg1 Qd8 29. Bg2 c5 30. Bb4 Rh2 31. Bxc5 Bxc5 32. Qxc5+ Kb8 33. Qb4+ Qb6 34. Qxb6+ axb6 35. Nf1 1-0

[Event "Wilhelm Werner Memorial-M 29th"]
[Site "Bockenem"]
[Date "2004.05.22"]
[Round "5"]
[White "Schwetje, Juergen"]
[Black "Werner, Bernd Michael"]
[Result "1-0"]
[WhiteElo "2102"]
[BlackElo "2047"]
[PlyCount "61"]
[EventDate "2004.05.??"]
[EventType "tourn"]
[EventRounds "7"]
[EventCountry "GER"]
[SourceTitle "EXT 2008"]
[Source "ChessBase"]
[SourceDate "2007.11.25"]
[SourceVersion "1"]
[SourceVersionDate "2007.11.25"]
[SourceQuality "1"]

1. e4 Nf6 2. e5 Nd5 3. d4 d6 4. Nf3 g6 5. exd6 cxd6 6. Bc4 Nb6 7. Bb3 Bg7 8. 0-0 0-0 9. c3 Nc6 10. h3 Bf5 11. Re1 Na5 12. Bg5 Re8 13. Nbd2 Nxb3 14. Qxb3 h6 15. Be3 d5 16. Bf4 Rc8 17. Re3 Qd7 18. Rae1 g5 19. Be5 Bf6 20. g4 Bg6 21. Bg3 h5 22. Nh2 Qa4 23. Be5 Qd7 24. Qd1 Bxe5 25. dxe5 hxg4 26. e6 fxe6 27. Qxg4 Bf5 28. Qxg5+ Kf7 29. Ng4 Bxg4 30. hxg4 Rh8 31. Rf3+ 1-0

[Event "Wilhelm Werner Memorial-M 29th"]
[Site "Bockenem"]
[Date "2004.05.22"]
[Round "6"]
[White "Tonndorf, Matthias"]
[Black "Schwetje, Juergen"]
[Result "0-1"]
[WhiteElo "2118"]
[BlackElo "2102"]
[PlyCount "72"]
[EventDate "2004.05.??"]
[EventType "tourn"]
[EventRounds "7"]
[EventCountry "GER"]
[SourceTitle "EXT 2008"]
[Source "ChessBase"]
[SourceDate "2007.11.25"]
[SourceVersion "1"]
[SourceVersionDate "2007.11.25"]
[SourceQuality "1"]

1. e4 c5 2. Nf3 Nc6 3. Nc3 e6 4. g3 a6 5. Bg2 Qc7 6. 0-0 Be7 7. d4 cxd4 8. Nxd4 Nf6 9. Be3 0-0 10. Qe2 d6 11. a4 Na5 12. Rad1 Bd7 13. Bc1 Rac8 14. f4 Rfd8 15. g4 Qc5 16. Kh1 Nc4 17. g5 Ne8 18. f5 g6 19. Nxe6 fxe6 20. f6 Bf8 21. f7+ Kh8 22. fxe8Q Rxe8 23. Qf3 Be7 24. Qg3 Kg8 25. Qh3 Rcd8 26. e5 Nxe5 27. Ne4 Qxc2 28. Rxd6 Rf8 29. Bf4 Bxd6 30. Nxd6 Rxf4 31. Rxf4 Qd1+ 32. Rf1 Qxd6 33. Qg3 Bc6 34. Re1 Bxg2+ 35. Kxg2 Qd2+ 36. Kh1 Qd5+ 0-1

[Event "Wilhelm Werner Memorial-M 28th"]
[Site "Bockenem"]
[Date "2003.05.31"]
[Round "5"]
[White "Klein, Andreas"]
[Black "Schwetje, Juergen"]
[Result "0-1"]
[WhiteElo "2011"]
[BlackElo "2127"]
[PlyCount "80"]
[EventDate "2003.??.??"]
[EventType "tourn"]
[EventRounds "7"]
[EventCountry "GER"]
[SourceTitle "EXT 2008"]
[Source "ChessBase"]
[SourceDate "2007.11.25"]
[SourceVersion "1"]
[SourceVersionDate "2007.11.25"]
[SourceQuality "1"]

1. e4 g6 2. d4 Bg7 3. Nc3 c6 4. f4 d5 5. e5 h5 6. Nf3 Bg4 7. h3 Bxf3 8. Qxf3 e6 9. Bd3 Qb6 10. Ne2 h4 11. b3 Nd7 12. Be3 Ne7 13. 0-0 Nf5 14. Bf2 Bf8 15. c4 Ba3 16. c5 Qc7 17. Rfb1 a5 18. Be1 b6 19. cxb6 Qxb6 20. Bxf5 exf5 21. b4 axb4 22. Bxb4 Bxb4 23. a3 Ke7 24. Rxb4 Qa6 25. Nc3 Rhb8 26. Ra4 Qb6 27. Qf2 Rxa4 28. Nxa4 Qa7 29. Nc5 Nxc5 30. Qxh4+ Kd7 31. dxc5 Qxc5+ 32. Kh2 d4 33. Qe1 d3 34. Qd2 Qd4 35. Rd1 Rb3 36. Qa5 Qxf4+ 37. Kh1 Qd4 38. Kh2 f4 39. Kh1 f3 40. gxf3 Qf2 0-1

[Event "Wilhelm Werner Memorial-M 27th"]
[Site "Bockenem"]
[Date "2002.05.11"]
[Round "6"]
[White "Schwetje, Juergen"]
[Black "Markgraf, Stefan"]
[Result "0-1"]
[WhiteElo "2155"]
[BlackElo "2042"]
[PlyCount "116"]
[EventDate "2002.05.??"]
[EventType "tourn"]
[EventRounds "7"]
[EventCountry "GER"]
[SourceTitle "EXT 2008"]
[Source "ChessBase"]
[SourceDate "2007.11.25"]
[SourceVersion "1"]
[SourceVersionDate "2007.11.25"]
[SourceQuality "1"]

1. e4 e6 2. d3 d5 3. Nd2 Nf6 4. e5 Nfd7 5. f4 c5 6. Ngf3 Nc6 7. g3 f6 8. exf6 Nxf6 9. Bg2 Bd6 10. 0-0 0-0 11. Qe2 Re8 12. Ne5 Nd4 13. Qd1 Qb6 14. c3 Nc6 15. Ndf3 Nd7 16. Qe2 Ndxe5 17. fxe5 Be7 18. Bf4 Bd7 19. Rf2 Qc7 20. h4 b5 21. Bh3 c4 22. d4 b4 23. Raf1 Qa5 24. Bg5 bxc3 25. Bxe7 Rxe7 26. Ng5 Nxd4 27. Qh5 g6 28. Qh6 Nf5 29. Bxf5 exf5 30. h5 Qb6 31. bxc3 gxh5 32. e6 Rf8 33. Kh2 Bxe6 34. Re2 Bd7 35. Qxh5 Rxe2+ 36. Qxe2 Qh6+ 37. Nh3 f4 38. g4 Qh4 39. Rg1 Re8 40. Qf3 Re5 41. Qxf4 Re2+ 42. Rg2 Rxg2+ 43. Kxg2 Qxg4+ 44. Qxg4+ Bxg4 45. Nf4 Bf5 46. Kf2 Be4 47. Ne6 Kf7 48. Nd8+ Kf6 49. Nc6 a6 50. a4 a5 51. Nxa5 Bc2 52. Nc6 Bxa4 53. Nb4 Ke5 54. Kg3 d4 55. cxd4+ Kxd4 56. Kh4 c3 57. Kg5 c2 58. Na2 Be8 0-1

[Event "Wilhelm Werner Memorial-M 27th"]
[Site "Bockenem"]
[Date "2002.05.09"]
[Round "2"]
[White "Hoexter, Heinrich"]
[Black "Schwetje, Juergen"]
[Result "1-0"]
[WhiteElo "2202"]
[BlackElo "2155"]
[PlyCount "59"]
[EventDate "2002.05.??"]
[EventType "tourn"]
[EventRounds "7"]
[EventCountry "GER"]
[SourceTitle "EXT 2008"]
[Source "ChessBase"]
[SourceDate "2007.11.25"]
[SourceVersion "1"]
[SourceVersionDate "2007.11.25"]
[SourceQuality "1"]

1. e4 g6 2. d4 Bg7 3. Nc3 c6 4. f4 d5 5. e5 h5 6. Nf3 Bg4 7. h3 Bxf3 8. Qxf3 e6 9. Bd3 Nh6 10. 0-0 h4 11. b3 Nf5 12. Ne2 Bf8 13. Bxf5 gxf5 14. Be3 Na6 15. c4 Nc7 16. c5 f6 17. Bd2 fxe5 18. fxe5 Qe7 19. b4 0-0-0 20. a4 Bh6 21. Bxh6 Rxh6 22. b5 Rg8 23. Rab1 Rhg6 24. Rf2 Ne8 25. Qc3 Qd7 26. Qa5 Kb8 27. Nf4 Rh6 28. bxc6 Qxc6 29. Qd8+ Qc8 30. Rxb7+ 1-0

[Event "Wilhelm Werner Memorial-M 27th"]
[Site "Bockenem"]
[Date "2002.05.08"]
[Round "1"]
[White "Schwetje, Juergen"]
[Black "Klein, Andreas"]
[Result "1-0"]
[WhiteElo "2155"]
[BlackElo "1972"]
[PlyCount "59"]
[EventDate "2002.05.??"]
[EventType "tourn"]
[EventRounds "7"]
[EventCountry "GER"]
[SourceTitle "EXT 2008"]
[Source "ChessBase"]
[SourceDate "2007.11.25"]
[SourceVersion "1"]
[SourceVersionDate "2007.11.25"]
[SourceQuality "1"]

1. e4 Nf6 2. e5 Nd5 3. d4 d6 4. Nf3 dxe5 5. Nxe5 Nd7 6. Nf3 N7f6 7. Be2 Bg4 8. 0-0 e6 9. c4 Nb6 10. Be3 Be7 11. Nc3 c6 12. Ne5 Bxe2 13. Qxe2 Nbd7 14. f4 h5 15. Rad1 Qc7 16. a3 Ng4 17. Nxg4 hxg4 18. Qxg4 g5 19. g3 f5 20. Qe2 0-0-0 21. d5 gxf4 22. dxe6 Nf6 23. Bxf4 Qb6+ 24. Be3 Bc5 25. Rxd8+ Rxd8 26. Bxc5 Qxc5+ 27. Qf2 Qxc4 28. Qxf5 Ne8 29. e7+ Rd7 30. Rd1 1-0

[Event "Wilhelm Werner Memorial-M 26th"]
[Site "Bockenem"]
[Date "2001.05.25"]
[Round "2"]
[White "Schwetje, Juergen"]
[Black "Loehnhardt, Benjamin"]
[Result "1-0"]
[WhiteElo "2138"]
[BlackElo "2043"]
[PlyCount "57"]
[EventDate "2001.05.??"]
[EventType "tourn"]
[EventRounds "7"]
[EventCountry "GER"]
[SourceTitle "EXT 2008"]
[Source "ChessBase"]
[SourceDate "2007.11.25"]
[SourceVersion "1"]
[SourceVersionDate "2007.11.25"]
[SourceQuality "1"]

1. e4 Nc6 2. d4 d5 3. e5 Bf5 4. c3 e6 5. Bd3 Bxd3 6. Qxd3 Qh4 7. Nf3 Qg4 8. 0-0 Nge7 9. b4 Qf5 10. Qe2 h6 11. Be3 g5 12. Nbd2 Ng6 13. g3 Be7 14. Nb3 b6 15. Nfd2 h5 16. a3 Kd7 17. Rac1 Qh3 18. c4 Rag8 19. cxd5 Nf4 20. dxc6+ Ke8 21. Bxf4 gxf4 22. Rc3 h4 23. Ne4 hxg3 24. fxg3 fxg3 25. Rxg3 Rxg3+ 26. Nxg3 Bh4 27. Qf2 Rh7 28. Nd2 Rg7 29. Nde4 1-0

[Event "Wilhelm Werner Memorial-M 26th"]
[Site "Bockenem"]
[Date "2001.05.23"]
[Round "1"]
[White "Becker, Ralf"]
[Black "Schwetje, Juergen"]
[Result "1/2-1/2"]
[WhiteElo "2067"]
[BlackElo "2138"]
[PlyCount "35"]
[EventDate "2001.05.??"]
[EventType "tourn"]
[EventRounds "7"]
[EventCountry "GER"]
[SourceTitle "EXT 2008"]
[Source "ChessBase"]
[SourceDate "2007.11.25"]
[SourceVersion "1"]
[SourceVersionDate "2007.11.25"]
[SourceQuality "1"]

1. Nf3 g6 2. g3 Bg7 3. Bg2 e5 4. 0-0 Nc6 5. c4 Nge7 6. Nc3 d6 7. d3 h6 8. Rb1 Be6 9. b4 Qd7 10. Ne1 0-0 11. Nd5 Rae8 12. Bxh6 Bxd5 13. cxd5 Bxh6 14. dxc6 Nxc6 15. Qa4 d5 16. Nc2 a6 17. b5 Nd8 18. Qa5 1/2-1/2

[Event "Wilhelm Werner Memorial-M 25th"]
[Site "Bockenem"]
[Date "2000.06.03"]
[Round "5"]
[White "Schwetje, Juergen"]
[Black "Ermel, Dirk"]
[Result "1-0"]
[WhiteElo "2080"]
[BlackElo "2059"]
[PlyCount "41"]
[EventDate "2000.05.31"]
[EventType "tourn"]
[EventRounds "7"]
[EventCountry "GER"]
[SourceTitle "EXT 2008"]
[Source "ChessBase"]
[SourceDate "2007.11.25"]
[SourceVersion "1"]
[SourceVersionDate "2007.11.25"]
[SourceQuality "1"]

1. e4 c6 2. d4 d5 3. f3 dxe4 4. fxe4 e5 5. Nf3 Be6 6. c3 Nf6 7. Bd3 Nbd7 8. Qe2 Bd6 9. 0-0 h6 10. Kh1 Qe7 11. Be3 g5 12. Nbd2 g4 13. Nh4 Nh5 14. Nf5 Bxf5 15. Rxf5 Qh4 16. Bf2 g3 17. Rxh5 Qe7 18. Bxg3 exd4 19. Bxd6 Qxd6 20. Nc4 Qg6 21. e5 1-0